Computer Calculations for Multicomponentent Vapor-Liquid and Liquid-Liquid Equilibria
| Main Author: | |
|---|---|
| Format: | Section = Libro |
| Language: | Undetermined Spanish |
| Published: |
United States
Prentice Hall
1980
|
| Subjects: |
| LEADER | 00633nam a2200217Ia 4500 | ||
|---|---|---|---|
| 008 | 240830s9999 xx 000 0 und d | ||
| 020 | |a 0-13-164962-0 | ||
| 040 | |a CEDOC FIQ-RUSB / 511 P918 | ||
| 041 | |a spa | ||
| 082 | |a 511 P918 | ||
| 100 | 1 | |a Prausnitz, J | |
| 245 | 1 | 0 | |a Computer Calculations for Multicomponentent Vapor-Liquid and Liquid-Liquid Equilibria |
| 260 | |a United States |b Prentice Hall |c 1980 | ||
| 300 | |a 353 p.: il. | ||
| 650 | 7 | |a ANÁLISIS NÚMERICO | |
| 650 | 7 | |b TERMODINÁMICA DE FASE EQUILIBRIA | |
| 650 | 7 | |c LA FASE DE VAPOR | |
| 650 | 7 | |d LA FASE LÍQUIDA | |
| 942 | |c BK |2 ddc | ||
| 991 | |a TEXTO | ||
| 999 | |c 13157 | ||